Leaders of The Napoleonic Wars 1815 - Statistics

General Stats
  • This quiz has been taken 36 times
  • The average score is 1 of 10
Answer Stats
Nation Answer % Correct
French Empire Napoleon Bonaparte
100%
Russian Empire Alexander 1
14%
Denmark-Norway Frederick 6
3%
Great Britain King George 3
3%
Kingdom of Sweden Charles 8
0%
Kingdom of Spain Ferdinand 7
0%
Austrian Empire Francis 1
0%
Prussia Frederick William 3
0%
Kingdom of Portugal John 6
0%
Bavaria King Maximilian 1st Joseph
0%
No matching quizzes found
Score Distribution
Percent of People with Each Score
Percentile by Number Answered
Your Score History
You have not taken this quiz